Real-time PCR : an essential guide
Αποθηκεύτηκε σε:
| Άλλοι συγγραφείς: | , , |
|---|---|
| Μορφή: | Βιβλίο |
| Γλώσσα: | English |
| Δημοσίευση: |
Wymondham, Norfolk :
Horizon Bioscience,
2004
|
| Θέματα: | |
| Ετικέτες: |
Προσθήκη ετικέτας
Δεν υπάρχουν, Καταχωρήστε ετικέτα πρώτοι!
|
MARC
| LEADER | 00000nam a2200000 i 4500 | ||
|---|---|---|---|
| 001 | 1/95270 | ||
| 008 | 081013s2004 eng d | ||
| 020 | |a 0-9545232-7-X | ||
| 035 | |l 10100814 | ||
| 040 | |a GR-MY-UA |b gre |e aacr | ||
| 041 | 0 | |a eng | |
| 082 | 0 | |a 572.43 |2 (22) | |
| 245 | 1 | 0 | |a Real-time PCR : |b an essential guide / |c edited by: Kirstin Edwards, Julie Logan, and Nick Saunders |
| 260 | |a Wymondham, Norfolk : |b Horizon Bioscience, |c 2004 | ||
| 300 | |a vi, 346 σ.; |b εικ.; |c 25 εκ. | ||
| 504 | |a Περιέχει βιβλιογραφικές παραπομπές και ευρετήριο | ||
| 650 | 0 | 0 | |a Polymerase chain reaction. |
| 700 | 1 | |a Edwards, Kirstin |q (Kirstin J.) |4 edt | |
| 700 | 1 | |a Logan, Julie |q (Julie M. J.) |4 edt | |
| 700 | 1 | |a Saunders, Nick |q (Nick A.) |4 edt | |
| 852 | |a INST |b LESVOS |e 20081013 |h 572.43 REA |p 005100043251 |q 005100043251 |t BK |y 0 | ||
| 901 | |a BIBL1-2008-3 | ||
| 909 | |a Λ |b 145060 | ||
| 922 | |a 1ΕΛΗ |b 200801 |c ΕΠΕΑΕΚ2/ΤΕΘ |d ΕΛΕΥΘΕΡΟΥΔΑΚΗΣ | ||
| 970 | |a ΚΑΡΑ |b ΓΙΑΣΕΜΗ |z 2008/10/13 | ||